| 000 | 00857nam a22002897a 4500 | ||
|---|---|---|---|
| 001 | BR2010001982 | ||
| 003 | BR-BrBNA | ||
| 005 | 20230928103249.0 | ||
| 007 | ta | ||
| 008 | 230509b bl.||||| |||| 00| 0 por d | ||
| 040 |
_aBR-BrBNA _bpor _cBiblioteca Nacional de Agricultura |
||
| 041 | _a(Eng) | ||
| 072 | _aQ70 | ||
| 090 | _ Q70 BR2010001982 | ||
| 100 | 1 | _aAndrade, L.F. | |
| 110 | 1 |
_aUniversidade Federal de Lavras, MG (Brasil) _0Tese (Mestrado) |
|
| 245 | 1 | _aCytogenotoxicity of "SPL (Spent pot Liner)" by plant root tip bioassays | |
| 260 | 3 |
_aLavras, MG (Brasil): _c2008. |
|
| 300 | _a135 p. | ||
| 500 | _aSummaries (Eng, Por); Several bibliography; 9 illus.; 12 tables | ||
| 650 | _aRESÍDUO | ||
| 650 | _aINDUSTRIALIZAÇÃO | ||
| 650 | _aALUMÍNIO | ||
| 650 | _aELETRÓLISE | ||
| 909 |
_a202309 _bLucia _c55 _dLucia Elande |
||
| 942 | _cBK | ||
| 999 |
_c74351 _d74351 |
||